Kariéra s HN

Z obsahu prílohy: Vo víre medziľudských vzťahov (2). Štúdium doma. Oznamy firiem o voľných pracovných miestach.

Salvato in:
Dettagli Bibliografici
Natura: Capitolo di libro
Lingua:slovacco
Soggetti:
Tags: Aggiungi Tag
Nessun Tag, puoi essere il primo ad aggiungerne!!

MARC

LEADER 00000naa a2200000 4500
001 r020307
005 20230801103417.2
041 0 |a slo 
044 |a SK 
245 1 0 |a Kariéra s HN 
520 |a Z obsahu prílohy: Vo víre medziľudských vzťahov (2). Štúdium doma. Oznamy firiem o voľných pracovných miestach. 
610 2 0 |a kariéra 
610 2 0 |a vzťahy medziľudské 
610 2 0 |a spolupracovníci 
610 2 0 |a miesta pracovné